Classifica Marcatori Ligue 1 2022-2023 - Statistics

Statistiche generali
  • Questo quiz è stato fatto 6 volte
  • Il punteggio medio è 8 su 14
Statistiche sulle risposte
Gol Nazione Squadra Calciatore % Corretto
27 Francia Olympique Lione Alexandre Lacazette
100%
29 Francia Paris Saint Germain Kylian Mbappé
100%
13 Brasile Paris Saint Germain Neymar
100%
14 Cile Olympique Marsiglia Alexis Sanchez
75%
24 Canada Lille Jonathan David
75%
16 Argentina Paris Saint Germain Lionel Messi
75%
21 Belgio Lens Loïs Openda
75%
19 Francia Montpellier Elye Wahi
50%
19 Francia Monaco Wissam Ben Yedder
50%
15 Francia Rennes Amine Gouiri
25%
21 Stati Uniti Stade Reims Folarin Balogun
25%
14 Francia Rennes (12)/Nizza (2) Gaëtan Laborde
25%
20 Senegal Strasburgo Habib Diallo
25%
18 Nigeria Lorient (12) /Nizza (6) Terem Moffi
25%
Nessun quiz corrispondente trovato
Distribuzione punteggi
Percentuale di utenti per punteggio
Percentile per numero di risposta
I tuoi punteggi nel tempo
Non hai fatto questo quiz